Team Management Funktionale Führung statt Hierarchie

Na minha lista:
Detalhes bibliográficos
Autor principal: Garfield, Charles
Outros Autores: Bischoff, Ursula
Formato: Livro
Idioma:alemão
Publicado em: München Herbig 1993
Edição:1. Aufl.
Assuntos:
Tags: Adicionar Tag
Sem tags, seja o primeiro a adicionar uma tag!

MARC

LEADER 00000nam a2200000 4500
001 c003215
005 20221214084109.0
020 |a 3-7844-7311-3 
041 0 |a ger 
044 |a DE 
245 1 0 |a Team Management  |b Funktionale Führung statt Hierarchie  |c Charles Garfield ; Prekl. Ursula Bischoff 
250 |a 1. Aufl. 
264 1 |a München  |b Herbig  |c 1993 
300 |a 368 s. 
610 2 0 |a manažment 
610 2 0 |a riadenie podnikové 
610 2 0 |a práca tímová 
610 2 0 |a inovácia 
610 2 0 |a zákazníci 
610 2 0 |a modely ekonomické 
610 2 0 |a etika 
610 2 0 |a vzdelanie 
610 2 0 |a podnik 
610 2 0 |a manažéri 
100 1 |a Garfield, Charles 
700 1 |a Bischoff, Ursula